000 00523nam a22001937a 4500
005 20251108164856.0
008 250721s1991 xx 000 0 ara d
082 1 4 _a962.02/أحم
100 1 _aبهاء الدين، أحمد
245 1 0 _aأيام لها تاريخ /
250 _aط3.
264 1 _aالقاهرة :
_bدار الشروق،
_c1991.
300 _a177ص
650 1 7 _aالتاريخ السياسي
650 1 7 _aالثورات
650 1 7 _aتاريخ مصر
942 _2ddc
_cBK
999 _c16432
_d16432